• 首页
  • 本馆介绍
  • 公告通知
  • 最新文献
  • 馆藏检索
  • 电子资源
  • 读者导购
  • 参考咨询
  • 我的图书馆
  • 登录
  • 详细信息显示
  • 放入我的书架
  • 预约/预借图书
  • 作者相关作品
  • 分类相关作品
  • 丛书相关作品
  • 出版社相关作品

书目信息

  • 表格格式
  • 工作单格式
  • 卡片格式
题名:
文艺研究
    
 
作者: ;《文艺研究》编辑部 编
分册: 第二期  
出版信息: 北京   人民文学出版社  1979
页数: 144页
开本: 26cm
丛书名:
单 册:
中图分类: Z62
科图分类:
主题词: 期刊--中国 , 连续出版物--中国
电子资源:
ISBN:
000 00602nam0 2200217 45
001 0211040805
005 20031219104110.9
010    @dCNY0.68
100    @a20021104d1979 km y0chiy0120 ea
101 0  @achi
105    @a z 000yy
200 1  @a文艺研究@AWen Yi Yan Jiu@e1979@h第二期@f《文艺研究》编辑部编@F《Wen Yi Yan Jiu》Bian Ji Bu Bian
210    @a北京@c人民文学出版社@d1979
215    @a144页@d26cm
517    @a1979
606 0  @a期刊@x中国
606 0  @a连续出版物@x中国
690    @aZ62@v3
711 02 @a《文艺研究》编辑部@4编
801    @aCN@bTSTC@c20021104
905    @f1@b25295@dZ62@e2/79
    
    文艺研究:1979.第二期/《文艺研究》编辑部编.-北京:人民文学出版社,1979
    144页;26cm
    
    
    ISBN :CNY0.68
    
●
相关链接 在E读中查询图书 在五车中查询图书 在当当中查询图书 在豆瓣中查询图书


正题名:文艺研究     索取号:Z62/2/79         预约/预借

序号 登录号 条形码 馆藏地/架位号 状态 备注
1 0025295   001725075   密集书库/ [索取号:Z62/2/79] 在馆    
唐山师范学院图书馆 欢迎您!
大连网信软件有限公司© 版权所有